All songs from the musical "Falsettos" - Statistics

General Stats
  • This quiz has been taken 109 times
  • The average score is 26 of 36
Answer Stats
Hint Answer % Correct
Whizzer, Marvin, Jason, Mendel Four Jews in a Room Bitching
99%
Marvin, Whizzer Thrill of First Love
97%
Marvin, Mendel A Tight-Knit Family
90%
Trina I'm Breaking Down
88%
Marvin, Jason, Whizzer, Mendel, Trina Love Is Blind
83%
Jason, Mendel, Whizzer, Marvin Marvin at the Psychiatrist (A Three-Part Mini-Opera)
81%
Mendel, Marvin, Jason, Whizzer March of the Falsettos
80%
Marvin, Whizzer The Chess Game
80%
Jason, Marvin, Trina, Whizzer My Father’s a Homo / Everyone Tells Jason to See a Psychiatrist
78%
Whizzer The Games I Play
78%
Mendel, Jason, Trina, Whizzer Making a Home
77%
All The Baseball Game
75%
Marvin, Whizzer, Jason, Trina, Mendel This Had Better Come to a Stop
75%
Trina Trina's Song
75%
Trina Trina's Song (Reprise)
75%
Whizzer You Gotta Die Sometime
74%
All A Day in Falsettoland
72%
Marvin, Jason Father to Son
72%
Marvin, Whizzer What Would I Do?
72%
Marvin, Mendel, Jason, Trina, Whizzer Marvin Hits Trina / Marvin Goes Crazy
71%
Marvin, Mendel, Jason, Trina, Whizzer I Never Wanted to Love You
70%
All Jason's Bar Mitzvah
68%
Charlotte, Cordelia Something Bad Is Happening
67%
Marvin, Whizzer, Charlotte, Cordelia Unlikely Lovers
67%
Trina, Jason, Mendel Please Come to Our House
64%
Mendel, Trina, Jason A Marriage Proposal
62%
Trina Holding to the Ground
61%
All Miracle of Judaism
61%
Mendel, Jason, Marvin, Trina The Fight / Everyone Hates His Parents
59%
All Days Like This
58%
All The Year of the Child
57%
Jason, Mendel, Trina Cancelling the Bar Mitzvah
55%
All Welcome to Falsettoland
55%
Marvin What More Can I Say?
55%
Jason Another Miracle of Judaism
52%
Mendel, Trina, Whizzer, Marvin, Jason Jason's Therapy
48%
No matching quizzes found
Score Distribution
Percent of People with Each Score
Percentile by Number Answered
Your Score History
You have not taken this quiz